Narraciones anacrónicas de la modernidad: melodrama e intermedialidad en América Latina

Salvato in:
Dettagli Bibliografici
Autore principale: Herlinghaus, Hermann (Autore)
Natura: Libro
Lingua:spagnolo
Pubblicazione: Santiago Cuarto Propio 2002
Edizione:1a. ed
Soggetti:
Tags: Aggiungi Tag
Nessun Tag, puoi essere il primo ad aggiungerne!!

MARC

LEADER 00000nam a2200000 a 4500
001 UCH0677
003 CL-VaPUC
008 090320e20020000CL |||||||||||||||||spa|d
020 |a 9562602702 
082 0 4 |a 302.234  |b HER  |2 21 
100 0 |a Herlinghaus, Hermann  |e author  |9 534929 
245 1 0 |a Narraciones anacrónicas de la modernidad: melodrama e intermedialidad en América Latina 
250 |a 1a. ed 
300 |a 386 p 
942 |c BK 
945 |d 20090320 00:00:00  |a rbrito 
260 |a Santiago  |b Cuarto Propio  |c 2002 
650 0 |a Televisión  |9 256845 
650 0 |a Modernidad   |9 265371 
650 0 |a Medios de comunicación de masas  |9 257273 
583 |a last modification  |c 20140403 04:45:46  |k Rodrigo Vera 
999 |c 332931  |d 332929 
952 |0 0  |1 0  |4 0  |6 302_234000000000000_HER_2002  |7 0  |8 A  |9 421000  |a BIBCUR  |b BIBCUR  |d 2019-11-22  |i 452263K  |o 302.234 HER 2002  |p 452263K  |r 2025-04-22  |w 2019-11-22  |y BK  |k PER